Greek Logo Quiz Level 2 - Statistics

General Stats
  • This quiz has been taken 25 times
  • The average score is 17 of 25
Answer Stats
Picture Hint Answer % Correct
Ελληνική Ένδυση Armani
100%
Γνωστά γλειφιτζούρια Chupa Chups
100%
Ταχυδρομείο στην Ελλάδα Γενική Ταχυδρομική
80%
Ελλληνικη γαλακτοβιομηχανία Αγνό
80%
Πρατήριο βενζίνης ‘Αιγαίου’ Aegean
80%
Γνωστά πατατάκια Chipita
80%
Γνωστό Αναψυκτικό Coca Cola
80%
Γνωστά Αθλητικά Fila
80%
Εταιρεία παρόχου ελληνικών ταινιών FinosFilms
80%
Γνωστά Μακαρόνια Melissa
80%
Άγρια ζωή κομμάτι της ζωής Αρκτούρος
60%
Γνωστό Νερό Αύρα
60%
Αρτοβιομηχανία για τοστ Καραμολέγκος
60%
Ελληνικά Παιχνίδια Μουστάκας
60%
Οργανισμός Εκδοτικών Δημοσίων Βιβλίων Οεδβ
60%
Αλυσίδα καθαρίστριας 5 asec
60%
Γνωστοί Χυμοί Amita
60%
Ελληνικές Εφαρμογές Android
60%
Γνωστό Κονιάκ Bacardi
60%
Γνωστές Μοτοσικλέτες Honda
60%
Ελληνική εταιρεία ελαστικών Michelin
60%
Γνωστή Μπύρα Mythos
60%
Ελληνικά Προϊόντα Nestlé
60%
Ελληνικός Κινηματογράφος Odeon
60%
World Wildlife Fund WWF
60%
No matching quizzes found
Score Distribution
Percent of People with Each Score
Percentile by Number Answered
Your Score History
You have not taken this quiz